Clare Boothe Luce; (Record no. 565)
[ view plain ]
| 000 -LEADER | |
|---|---|
| fixed length control field | 00571cam a2200217 4500 |
| 003 - CONTROL NUMBER IDENTIFIER | |
| control field | data |
| 005 - DATE AND TIME OF LATEST TRANSACTION | |
| control field | 20260322212025.0 |
| 008 - FIXED-LENGTH DATA ELEMENTS--GENERAL INFORMATION | |
| fixed length control field | data |
| 010 ## - LIBRARY OF CONGRESS CONTROL NUMBER | |
| LC control number | 72-130489 //r71 |
| 020 ## - INTERNATIONAL STANDARD BOOK NUMBER | |
| International Standard Book Number | 0671206729 |
| 020 ## - INTERNATIONAL STANDARD BOOK NUMBER | |
| International Standard Book Number | 9780671206727 |
| 040 ## - CATALOGING SOURCE | |
| Original cataloging agency | DLC |
| Transcribing agency | DLC |
| Modifying agency | DPL |
| -- | DPL |
| 049 ## - LOCAL HOLDINGS (OCLC) | |
| Holding library | DPLA |
| Local processing data | soc bvl crk fie had pkh unh wdb |
| 050 0# - LIBRARY OF CONGRESS CALL NUMBER | |
| Classification number | E748.L894 |
| Item number | S5 |
| 082 ## - DEWEY DECIMAL CLASSIFICATION NUMBER | |
| Classification number | B |
| -- | B |
| 001 - CONTROL NUMBER | |
| control field | data |
| 100 1# - MAIN ENTRY--PERSONAL NAME | |
| Personal name | Shadegg, Stephen C. |
| 245 10 - TITLE STATEMENT | |
| Title | Clare Boothe Luce; |
| Remainder of title | a biography, |
| Statement of responsibility, etc. | Stephen C. Shadegg. |
| 260 ## - PUBLICATION, DISTRIBUTION, ETC. | |
| Place of publication, distribution, etc. | New York, |
| Name of publisher, distributor, etc. | Simon and Schuster |
| Date of publication, distribution, etc. | [c1970] |
| 300 ## - PHYSICAL DESCRIPTION | |
| Extent | 313 p. |
| Other physical details | illus., ports. |
| Dimensions | 25 cm. |
| Withdrawn status | Lost status | Damaged status | Not for loan | Home library | Current library | Shelving location | Date acquired | Total checkouts | Full call number | Barcode | Date last seen | Price effective from | Koha item type |
|---|---|---|---|---|---|---|---|---|---|---|---|---|---|
| Centerville | Centerville | General stacks | 22/03/2026 | 973.91/0924 B | BC0010578 | 22/03/2026 | 22/03/2026 | Books |